000 00404nam a2200145Ia 4500
005 20250623020340.0
008 240331s9999 xx 000 0 und d
020 _a9789551468064
082 _bFER
_a323
100 _aFernando,B
245 0 _aManawa himikam pahana
260 _aPeople's Alliance to Eliminate Torture in Sri Lanka Asian Human Rights Commission
300 _a151 p., ( 2nd C)
942 _cL
999 _c5075
_d5075